000 00583nam a22001937a 4500
005 20260122161758.0
008 260122b |||||||| |||| 00| 0 eng d
020 _a9788123923802
_c250.00
040 _aMAIN
041 _aEnglish
082 _a363.64
_bDHA
100 _aDhawan, Nidhi Gauba
_926016
245 _aDisaster Management and Preparedness
_b: Based on the Syllabus Prescribed by UGC for Disaster Management Education
260 _aNew Delhi
_bCBS
_c2025
300 _a156
650 _aEnvironment Science
_9310
700 _aKhan, Ambrina Sardar
_926017
942 _cBK
999 _c60065
_d60065